000
00303nam a22001097a 4500
999
_c
15206
_d
15206
008
200305b ||||| |||| 00| 0 eng d
245
_a
Martial law, another year.
260
_a
Davao City, Philippines;
_b
Sunstar Davao,
_c
©2019.
300
_a
page 2;
_c
29.5cm.
650
_a
Law.
_9
41984
942
_2
ddc
_c
PER